00493cam a22002051 4500001001300000003000400013005001700017008004100034010001700075040001800092050002000110100003000130245002900160260001600189300002100205500001600226500001300242500001500255999001700270sa 75904581 DLC20260227112728.0050721s1975 xx 000 0 benr  asa 75904581  aDLCcDLCdDLC00aPK1718.M47bT551 aMitra, Bimal,d1912-1991.10aTina nambara sākshī. c1382 [1975] a160 p. ;c22 cm. aIn Bengali. aA novel. aRomanized. c89645d89645